000 00393nam a2200157Ia 4500
003 OSt
005 20230529115156.0
008 211028s2015 xx 000 0 und d
040 _cAIMIT LIBRARY
041 _aeng
100 _aGajanan, Ghadi Manjiri; Santhosh, B.
_98570
_e131908
110 _aSanthosh B
_98571
245 _aTravel studio.
260 _aMangalore
_c2015
942 _2ddc
_cPRO
999 _c219954
_d219954